| 000 | 01451cam a2200253 i 4500 | ||
|---|---|---|---|
| 005 | 20240524071026.0 | ||
| 008 | 211102s2020 ja eng | ||
| 020 | _a9784866580562 | ||
| 040 |
_aDLC _beng _eAACR2 |
||
| 041 | 1 |
_aeng _hjpn |
|
| 082 | 0 | 4 | _a330.952 |
| 100 | 1 |
_aYoshikawa, Hiroshi _d1951- |
|
| 245 | 1 | 0 |
_aPopulation and the Japanese economy _b: longevity, innovation, and economic growth _c/ Yoshikawa Hiroshi ; translated by Charles Stewart |
| 250 | _a1st | ||
| 260 |
_aTokyo _b: Japan Publishing Industry Foundation for Culture _c, 2020 |
||
| 300 |
_a206 p. _c; 20 cm |
||
| 490 | 0 | _aJapan library | |
| 504 | _aIncludes bibliographical references p. 202-206. | ||
| 520 | _aJapan, a country where population decline is progressing and the number of workers is decreasing. While the fiscal deficit continues to expand, rural regions are in a crisis of disappearance. Isn't the decline of the nation already inevitable? Versus such preconceptions, economics which has struggled with population issues over many years responds "No!" Innovation holds the key to economic growth, and the fact that Japan is one of the world's leading longevity societies poses an opportunity. This book sweeps away the "population decline pessimism" that has spread throughout Japan and approaches the real issues of the Japanese economy | ||
| 653 | 0 | _aPopulation aging | |
| 653 | 0 | _aTechnological innovations | |
| 700 | 1 | _aStewart, Charles. | |
| 942 |
_2ddc _cBK |
||
| 999 |
_c7 _d7 |
||